[Event "EU-ch Cities&Town (Women) op"]
[Site "Tornelo INT"]
[Date "2023.01.29"]
[Round "?"]
[White "Kukic, Lora"]
[Black "Kane, Marta"]
[Result "1-0"]
[WhiteElo "1945"]
[BlackElo "1836"]
[PlyCount "51"]
[EventDate "2023.01.29"]
[EventType "team-swiss"]
[EventRounds "9"]
[EventCountry "NET"]
[SourceTitle "CBM 212 Extra"]
[Source "ChessBase"]
[SourceDate "2023.03.31"]
[SourceVersion "1"]
[SourceVersionDate "2023.03.31"]
[SourceQuality "1"]
[WhiteTeam "Rijeka"]
[BlackTeam "Kuldiga"]
[WhiteTeamCountry "CRO"]
[BlackTeamCountry "LAT"]

1. d4 d5 2. Nf3 Nf6 3. g3 Bg4 4. Bg2 e6 5. 0-0 Be7 6. c4 c6 7. Ne5 Bf5 8. c5 Nbd7 9. Nd3 0-0 10. Nc3 b6 11. cxb6 axb6 12. Bf4 c5 13. e3 h6 14. h4 Ra5 15. Ne5 Nxe5 16. Bxe5 Qd7 17. b3 Rc8 18. Na4 Qa7 19. dxc5 bxc5 20. Qe2 c4 21. Bd4 Qb7 22. Nb6 Bd3 23. Qd2 Bxf1 24. Qxa5 Bxg2 25. Nxc8 Qxc8 26. Kxg2 1-0

[Event "EU-ch Cities&Town (Women) op"]
[Site "Tornelo INT"]
[Date "2023.01.29"]
[Round "?"]
[White "Kukic, Lora"]
[Black "Pasoglou, Ekaterini"]
[Result "1/2-1/2"]
[WhiteElo "1945"]
[BlackElo "1872"]
[PlyCount "79"]
[EventDate "2023.01.29"]
[EventType "team-swiss"]
[EventRounds "9"]
[EventCountry "NET"]
[SourceTitle "CBM 212 Extra"]
[Source "ChessBase"]
[SourceDate "2023.03.31"]
[SourceVersion "1"]
[SourceVersionDate "2023.03.31"]
[SourceQuality "1"]
[WhiteTeam "Rijeka"]
[BlackTeam "Thessaloniki"]
[WhiteTeamCountry "CRO"]
[BlackTeamCountry "GRE"]

1. d4 Nf6 2. Nf3 e6 3. g3 d5 4. Bg2 Be7 5. 0-0 0-0 6. c4 c6 7. Nc3 b6 8. Bf4 Nh5 9. Rc1 Nxf4 10. gxf4 Bb7 11. cxd5 exd5 12. e3 Nd7 13. Ne5 Nf6 14. Ne2 Rc8 15. Qa4 Qc7 16. Nc3 c5 17. Nb5 Qd8 18. Qxa7 Bc6 19. Nxc6 Rxc6 20. Qa4 Ne4 21. Nc3 Rg6 22. Nxe4 dxe4 23. dxc5 Bxc5 24. Qxe4 Qd2 25. Rc2 Qd7 26. Kh1 Rh6 27. Qf3 Qe7 28. b3 Qh4 29. Qg3 Qf6 30. Qg5 Qe6 31. Rg1 Rg6 32. Qe5 Qd7 33. f5 Rg5 34. Be4 Rxg1+ 35. Kxg1 Qd1+ 36. Kg2 Qg4+ 37. Kh1 Qd1+ 38. Kg2 Qg4+ 39. Kh1 Qd1+ 40. Kg2 1/2-1/2

[Event "CRO-chT (Women) 30th"]
[Site "Porec"]
[Date "2022.09.30"]
[Round "8.1"]
[White "Kejzar, Petra"]
[Black "Kukic, Lora"]
[Result "1-0"]
[WhiteElo "2120"]
[BlackElo "1994"]
[PlyCount "139"]
[EventDate "2022.09.24"]
[EventType "team-tourn"]
[EventRounds "9"]
[EventCountry "CRO"]
[SourceTitle "CBM 210 Extra"]
[Source "ChessBase"]
[SourceDate "2022.11.30"]
[SourceVersion "1"]
[SourceVersionDate "2022.11.30"]
[SourceQuality "1"]
[WhiteTeam "Velimirovac Radnik (W)"]
[BlackTeam "Kastav (W)"]
[WhiteTeamCountry "CRO"]
[BlackTeamCountry "CRO"]

1. d4 Nf6 2. g3 g6 3. Bg2 Bg7 4. c4 c5 5. d5 d6 6. Nf3 0-0 7. Nc3 a6 8. a4 Nbd7 9. 0-0 Ng4 10. h3 Nge5 11. Nd2 g5 12. Qc2 f5 13. f4 gxf4 14. gxf4 Ng6 15. Nf3 Rf6 16. a5 Ndf8 17. Bd2 h6 18. Na4 e5 19. fxe5 dxe5 20. Bc3 Nd7 21. e3 Rf7 22. Kh1 e4 23. Ne1 Qg5 24. Ra3 Nde5 25. Nb6 Rb8 26. Rb3 Nh4 27. Rg1 Qg3 28. Bf1 Qxe3 29. Bxe5 Qxe1 30. Bxb8 f4 31. Bg2 Qxg1+ 32. Kxg1 Bd4+ 33. Kf1 f3 34. Bxf3 Bxh3+ 35. Ke1 exf3 36. Bg3 Ng2+ 37. Kd1 Ne3+ 38. Rxe3 Bxe3 39. Bf2 Bf5 40. Qb3 Bxf2 41. d6 Bd4 42. d7 Bxd7 43. Nxd7 f2 44. Qg3+ Kh8 45. Qb8+ Kh7 46. Nf8+ Kg7 47. Ne6+ Kf6 48. Ke2 Kxe6 49. Kf1 Rg7 50. Qe8+ Kf6 51. Qf8+ Kg6 52. Ke2 Rf7 53. Qg8+ Bg7 54. Kf1 Rf8 55. Qe6+ Kh7 56. Qd5 Rf6 57. Qxb7 Kg6 58. Qg2+ Kh7 59. Qe4+ Kg8 60. Qd5+ Kh7 61. Qxc5 Bf8 62. Qe5 Kg6 63. c5 Rf5 64. Qe8+ Kg5 65. c6 Bd6 66. Qd8+ Rf6 67. b4 h5 68. c7 Bxc7 69. Qxc7 h4 70. Qg7+ 1-0

[Event "CRO-chT (Women) 30th"]
[Site "Porec"]
[Date "2022.09.25"]
[Round "3.3"]
[White "Cyfka, Karina"]
[Black "Kukic, Lora"]
[Result "1-0"]
[WhiteElo "2352"]
[BlackElo "1994"]
[PlyCount "51"]
[EventDate "2022.09.24"]
[EventType "team-tourn"]
[EventRounds "9"]
[EventCountry "CRO"]
[SourceTitle "CBM 210 Extra"]
[Source "ChessBase"]
[SourceDate "2022.11.30"]
[SourceVersion "1"]
[SourceVersionDate "2022.11.30"]
[SourceQuality "1"]
[WhiteTeam "Strizivojna Amater (W)"]
[BlackTeam "Kastav (W)"]
[WhiteTeamCountry "CRO"]
[BlackTeamCountry "CRO"]

1. e4 g6 2. d4 Bg7 3. Nc3 c5 4. Nf3 cxd4 5. Nxd4 Nc6 6. Be3 d6 7. Qd2 Nf6 8. f3 a6 9. 0-0-0 Nxd4 10. Bxd4 Be6 11. Nd5 Bxd5 12. exd5 0-0 13. g4 Qc7 14. Kb1 Rac8 15. Rc1 e5 16. dxe6 fxe6 17. h4 Ne8 18. h5 Bxd4 19. Qxd4 Qg7 20. Qe4 Nc7 21. hxg6 hxg6 22. Bd3 d5 23. Qe3 Rce8 24. Rh3 d4 25. Qg5 Rf6 26. Rch1 1-0

[Event "Split op 8th"]
[Site "Split"]
[Date "2018.08.13"]
[Round "2"]
[White "Kukic, Lora"]
[Black "Armanda, Ivica"]
[Result "0-1"]
[WhiteElo "2027"]
[BlackElo "2294"]
[PlyCount "45"]
[EventDate "2018.08.12"]
[EventType "swiss"]
[EventRounds "9"]
[EventCountry "CRO"]
[SourceTitle "CBM 186 Extra"]
[Source "ChessBase"]
[SourceDate "2018.08.24"]
[SourceVersion "1"]
[SourceVersionDate "2018.08.24"]
[SourceQuality "1"]

1. d4 Nf6 2. Nf3 g6 3. g3 Bg7 4. Bg2 0-0 5. c4 d6 6. Nc3 Nc6 7. 0-0 Bf5 8. Bg5 Ne4 9. Nxe4 Bxe4 10. d5 Na5 11. b3 c5 12. dxc6 Nxc6 13. Rc1 Bb2 14. Qd2 Bxc1 15. Rxc1 Re8 16. Bh3 Bxf3 17. exf3 Qa5 18. Rc3 Rad8 19. f4 d5 20. c5 d4 21. Rc2 d3 22. Rc3 Nd4 23. Kg2 0-1

[Event "Bosnjaci op 22nd"]
[Site "Bosnjaci"]
[Date "2017.01.04"]
[Round "3"]
[White "Kukic, Lora"]
[Black "Ascic, Pero"]
[Result "0-1"]
[WhiteElo "2013"]
[BlackElo "2310"]
[PlyCount "132"]
[EventDate "2017.01.03"]
[EventType "swiss"]
[EventRounds "9"]
[EventCountry "CRO"]
[SourceTitle "CBM 176 Extra"]
[Source "ChessBase"]
[SourceDate "2017.03.02"]
[SourceVersion "1"]
[SourceVersionDate "2017.03.02"]
[SourceQuality "1"]

1. d4 Nf6 2. Nf3 g6 3. c4 Bg7 4. Nc3 d6 5. Bg5 h6 6. Bh4 Nbd7 7. e3 g5 8. Bg3 Nh5 9. Be2 c6 10. Qc2 Qa5 11. Nd2 Nxg3 12. hxg3 Nf6 13. a3 Bd7 14. b4 Qc7 15. Nde4 Nxe4 16. Qxe4 0-0 17. 0-0 f5 18. Qc2 e5 19. dxe5 dxe5 20. Rad1 Be6 21. c5 Rad8 22. Rxd8 Rxd8 23. g4 Qf7 24. gxf5 Bxf5 25. e4 Be6 26. Nd1 Bb3 27. Qc3 Rd4 28. f3 Be6 29. Ne3 Kh8 30. Nc2 Rd7 31. Ne3 Rd4 32. Nc2 Rd8 33. Ne3 Qf4 34. Bc4 Bc8 35. Qe1 h5 36. g3 Qf6 37. Qe2 Rd4 38. Nc2 Rd8 39. Rf2 Bh6 40. Rh2 g4 41. Rxh5 gxf3 42. Qf2 Rd1+ 43. Bf1 Bg4 44. Rh4 Be6 45. Ne1 Kg7 46. Qxf3 Qxf3 47. Nxf3 Bc4 48. Rg4+ Kf6 49. Nh2 Bg5 50. Kf2 Be6 51. Be2 Ra1 52. Rh4 Bxh4 53. gxh4 Rxa3 54. h5 Rb3 55. Nf3 Rxb4 56. h6 Rxe4 57. h7 Kg7 58. Bd3 Rf4 59. Ke3 a5 60. Nxe5 Rh4 61. Ng6 Rxh7 62. Nf4 Rh6 63. Nxe6+ Rxe6+ 64. Kd4 Kf6 65. Bc4 Re5 66. Bf1 a4 0-1

[Event "CRO-chT (Women)"]
[Site "Sibenik"]
[Date "2016.10.12"]
[Round "6.4"]
[White "Kukic, Lora"]
[Black "Cvitan, Ena"]
[Result "1/2-1/2"]
[WhiteElo "2001"]
[BlackElo "1953"]
[PlyCount "43"]
[EventDate "2016.10.08"]
[EventType "team-tourn"]
[EventRounds "9"]
[EventCountry "CRO"]
[SourceTitle "EXT 2017"]
[Source "ChessBase"]
[SourceDate "2016.10.25"]
[SourceVersion "1"]
[SourceVersionDate "2016.10.25"]
[SourceQuality "1"]
[WhiteTeam "Split Mornar (W)"]
[BlackTeam "Rijeka Liburnija (W)"]
[WhiteTeamCountry "CRO"]
[BlackTeamCountry "CRO"]

1. d4 Nf6 2. Nf3 e6 3. c4 Bb4+ 4. Bd2 Qe7 5. a3 Bxd2+ 6. Qxd2 d6 7. Nc3 0-0 8. e4 e5 9. d5 a5 10. h3 Na6 11. Bd3 Bd7 12. Bc2 c6 13. 0-0 Nh5 14. Rad1 Rad8 15. dxc6 Bxc6 16. Nd5 Bxd5 17. Qxd5 Nc5 18. b4 axb4 19. axb4 Nf4 20. Qd2 Nce6 21. Kh2 Qf6 22. Qe3 1/2-1/2

[Event "CRO-chT (Women)"]
[Site "Sibenik"]
[Date "2016.10.09"]
[Round "3.1"]
[White "Kukic, Lora"]
[Black "Medic, Mirjana"]
[Result "1/2-1/2"]
[WhiteElo "2001"]
[BlackElo "2166"]
[PlyCount "95"]
[EventDate "2016.10.08"]
[EventType "team-tourn"]
[EventRounds "9"]
[EventCountry "CRO"]
[SourceTitle "EXT 2017"]
[Source "ChessBase"]
[SourceDate "2016.10.25"]
[SourceVersion "1"]
[SourceVersionDate "2016.10.25"]
[SourceQuality "1"]
[WhiteTeam "Split Mornar (W)"]
[BlackTeam "Busevec Polet (W)"]
[WhiteTeamCountry "CRO"]
[BlackTeamCountry "CRO"]

1. d4 Nf6 2. Nf3 e6 3. c4 b6 4. Bg5 Bb7 5. e3 Be7 6. Nc3 d5 7. Qc2 0-0 8. Bd3 Nbd7 9. cxd5 exd5 10. g4 c5 11. 0-0-0 Ne4 12. Bxe7 Qxe7 13. Kb1 cxd4 14. Nxd4 Ndc5 15. Nf5 Qf6 16. Nxe4 dxe4 17. Bc4 Nd3 18. Rhf1 Rac8 19. Rxd3 exd3 20. Qxd3 Rfd8 21. Qb3 Be4+ 22. Ka1 Bxf5 23. gxf5 Qxf5 24. e4 Qf4 25. a3 Rc7 26. Bd5 Rdc8 27. Ka2 Qxh2 28. f4 Qe2 29. Rb1 h6 30. Qg3 Rc1 31. Qg6 Rxb1 32. Qxf7+ Kh8 33. Kxb1 Qc2+ 34. Ka2 Qc7 35. Qe6 Rd8 36. f5 Qd7 37. Qg6 Qe7 38. Qc6 Qd6 39. Qb7 Qd7 40. Qa6 Qc7 41. Qe2 Qe5 42. Qf3 b5 43. Qg2 a5 44. Qf3 Rc8 45. Qd3 Rb8 46. Be6 a4 47. Bd5 Kh7 48. Qd2 1/2-1/2

[Event "CRO-chT (Women)"]
[Site "Sibenik"]
[Date "2016.10.08"]
[Round "1.2"]
[White "Kukic, Lora"]
[Black "Macek, Vlasta"]
[Result "0-1"]
[WhiteElo "2001"]
[BlackElo "2163"]
[PlyCount "86"]
[EventDate "2016.10.08"]
[EventType "team-tourn"]
[EventRounds "9"]
[EventCountry "CRO"]
[SourceTitle "EXT 2017"]
[Source "ChessBase"]
[SourceDate "2016.10.25"]
[SourceVersion "1"]
[SourceVersionDate "2016.10.25"]
[SourceQuality "1"]
[WhiteTeam "Split Mornar (W)"]
[BlackTeam "Zagreb Mladost (W)"]
[WhiteTeamCountry "CRO"]
[BlackTeamCountry "CRO"]

1. d4 d5 2. Nf3 Nf6 3. c4 c6 4. Nc3 a6 5. e3 b5 6. c5 g6 7. Ne5 Bg7 8. a4 b4 9. Ne2 a5 10. b3 0-0 11. Bb2 Ba6 12. Qc2 Qc7 13. h3 Nbd7 14. Nd3 Ne4 15. Rd1 e5 16. f3 Bxd3 17. Rxd3 Nef6 18. Rd1 Rfe8 19. g4 h6 20. Bg2 Nh7 21. 0-0 exd4 22. Bxd4 Re7 23. f4 Bxd4 24. exd4 Rae8 25. Rd2 Nhf6 26. f5 g5 27. Nc1 Qg3 28. Rd3 Qc7 29. Qd1 Ne4 30. Qf3 Ndf6 31. Ne2 Nxc5 32. dxc5 Rxe2 33. h4 Kg7 34. Qh3 Qe5 35. Bf3 Re1 36. Bd1 Re3 37. Rxe3 Qxe3+ 38. Qxe3 Rxe3 39. hxg5 hxg5 40. Rf3 Nxg4 41. f6+ Kf8 42. Rf1 Rg3+ 43. Kh1 Ne3 0-1

[Event "Bosnjaci op 21st"]
[Site "Bosnjaci"]
[Date "2016.01.06"]
[Round "5"]
[White "Kukic, Lora"]
[Black "Pralija, Marin"]
[Result "1-0"]
[WhiteElo "1974"]
[BlackElo "1733"]
[PlyCount "39"]
[EventDate "2016.01.03"]
[EventType "swiss"]
[EventRounds "9"]
[EventCountry "CRO"]
[SourceTitle "CBM 170 Extra"]
[Source "ChessBase"]
[SourceDate "2016.02.25"]
[SourceVersion "1"]
[SourceVersionDate "2016.02.25"]
[SourceQuality "1"]

1. d4 d5 2. Nf3 Nc6 3. c4 e6 4. Nc3 Bb4 5. e3 Bxc3+ 6. bxc3 Nf6 7. Ba3 Ne4 8. Qc2 Ne7 9. Bd3 f5 10. Ne5 0-0 11. 0-0 Re8 12. f3 Nd6 13. Rae1 g6 14. e4 c6 15. Qd2 Nf7 16. Nxf7 Kxf7 17. Qh6 Kg8 18. Re3 Qa5 19. Bd6 Qxc3 20. Be5 1-0

[Event "CRO-chT (Women) 24th"]
[Site "Bol"]
[Date "2015.10.06"]
[Round "5.14"]
[White "Krmpotic, Klara"]
[Black "Kukic, Lora"]
[Result "0-1"]
[WhiteElo "1566"]
[BlackElo "1951"]
[PlyCount "74"]
[EventDate "2015.10.03"]
[EventType "team-tourn"]
[EventRounds "9"]
[EventCountry "CRO"]
[SourceTitle "CBM 168 Extra"]
[Source "ChessBase"]
[SourceDate "2015.10.29"]
[SourceVersion "1"]
[SourceVersionDate "2015.10.29"]
[SourceQuality "1"]
[WhiteTeam "Sisak (W)"]
[BlackTeam "Split Mornar (W)"]
[WhiteTeamCountry "CRO"]
[BlackTeamCountry "CRO"]

1. d4 Nf6 2. c4 g6 3. Nc3 d5 4. Nf3 Bg7 5. e3 0-0 6. Be2 c6 7. 0-0 Nbd7 8. cxd5 cxd5 9. Qb3 Nb6 10. Bd2 Ne4 11. Rfc1 Bg4 12. Be1 Rc8 13. h3 Be6 14. Nd2 Qd7 15. f3 Nd6 16. Qd1 Ndc4 17. Nxc4 Nxc4 18. Bxc4 Rxc4 19. Qe2 Rfc8 20. Bd2 a6 21. b3 R4c6 22. Na4 b6 23. Rxc6 Rxc6 24. Rc1 Rxc1+ 25. Bxc1 Qc7 26. Bb2 Bh6 27. Kf2 Qh2 28. Kf1 Bd7 29. Nc3 Qh1+ 30. Kf2 Bg5 31. f4 Bh4+ 32. g3 Qh2+ 33. Ke1 Qxg3+ 34. Kd2 Bxh3 35. Nxd5 Qg1 36. Nxb6 Bg4 37. Qxa6 Qd1+ 0-1

[Event "Mediterranean Flower (Women) 15th"]
[Site "Rijeka"]
[Date "2015.03.04"]
[Round "5"]
[White "Kukic, Lora"]
[Black "Nikolova, Adriana"]
[Result "0-1"]
[WhiteElo "1901"]
[BlackElo "2303"]
[PlyCount "38"]
[EventDate "2015.03.01"]
[EventType "tourn"]
[EventRounds "9"]
[EventCountry "CRO"]
[SourceTitle "CBM 165 Extra"]
[Source "ChessBase"]
[SourceDate "2015.04.21"]
[SourceVersion "1"]
[SourceVersionDate "2015.04.21"]
[SourceQuality "1"]

1. d4 d5 2. Nf3 Nf6 3. c4 c6 4. Nc3 dxc4 5. a4 Bf5 6. e3 e6 7. Bxc4 Nbd7 8. 0-0 Bb4 9. Na2 Bd6 10. b4 e5 11. Qb3 0-0 12. Bb2 e4 13. Ne5 Qe7 14. f4 exf3 15. Nxf3 Ng4 16. Rae1 Be4 17. h3 Bxf3 18. gxf3 Nh2 19. Rf2 Qg5+ 0-1

[Event "Mediterranean Flower (Women) 15th"]
[Site "Rijeka"]
[Date "2015.03.02"]
[Round "2"]
[White "Daulyte Cornette, Deimante"]
[Black "Kukic, Lora"]
[Result "1-0"]
[WhiteElo "2391"]
[BlackElo "1901"]
[PlyCount "51"]
[EventDate "2015.03.01"]
[EventType "tourn"]
[EventRounds "9"]
[EventCountry "CRO"]
[SourceTitle "CBM 165 Extra"]
[Source "ChessBase"]
[SourceDate "2015.04.21"]
[SourceVersion "1"]
[SourceVersionDate "2015.04.21"]
[SourceQuality "1"]

1. e4 c5 2. Nc3 Nc6 3. Bb5 g6 4. Bxc6 dxc6 5. d3 Bg7 6. Be3 Bd4 7. Qd2 Nf6 8. h3 Bxe3 9. Qxe3 Qd4 10. Qh6 Qb4 11. Nge2 Be6 12. 0-0 0-0-0 13. Qe3 Nd7 14. a3 Qb6 15. Na4 Qa5 16. Nec3 c4 17. d4 g5 18. d5 cxd5 19. exd5 Bxd5 20. Nxd5 Qxa4 21. Qxe7 Qa5 22. Qd6 Rde8 23. Ne7+ Kd8 24. Rad1 Qc7 25. Qf6 Qf4 26. Rxd7+ 1-0

[Event "CRO-ch U19 Girls"]
[Site "Sveti Martin"]
[Date "2014.07.28"]
[Round "3"]
[White "Ivekovic, Tihana"]
[Black "Kukic, Lora"]
[Result "1-0"]
[WhiteElo "2079"]
[BlackElo "1851"]
[PlyCount "97"]
[EventDate "2014.07.26"]
[EventType "tourn"]
[EventRounds "5"]
[EventCountry "CRO"]
[SourceTitle "EXT 2016"]
[Source "ChessBase"]
[SourceDate "2015.10.08"]
[SourceVersion "1"]
[SourceVersionDate "2015.10.08"]
[SourceQuality "1"]

1. d4 Nf6 2. c4 g6 3. Nc3 d5 4. Bf4 Bg7 5. e3 0-0 6. cxd5 Nxd5 7. Nxd5 Qxd5 8. Bxc7 Bf5 9. Nf3 Rc8 10. Rc1 Qxa2 11. Qd2 Be6 12. Bd3 Na6 13. Bxa6 Qxa6 14. Qe2 b5 15. Qd2 Qb7 16. Ba5 Rxc1+ 17. Qxc1 Rc8 18. Qd2 Bc4 19. Qd1 Qd5 20. Qc2 Qe6 21. Bd2 Qg4 22. Rg1 Qe6 23. Ng5 Qa6 24. f4 Bd5 25. Qb1 Bb3 26. Kf2 Rc2 27. Nf3 Qa2 28. Qxa2 Bxa2 29. b4 e5 30. fxe5 Bf8 31. Kg3 Bd5 32. Rd1 Rb2 33. Bc3 Rb3 34. Rc1 Bxb4 35. Bxb4 Rxb4 36. Rc8+ Kg7 37. Rd8 Be6 38. Ng5 Bf5 39. e4 Rb3+ 40. Kf4 h6 41. Nf3 Be6 42. d5 g5+ 43. Kg3 h5 44. dxe6 fxe6 45. Rd7+ Kg6 46. Rxa7 g4 47. Re7 gxf3 48. Rxe6+ Kg5 49. h4# 1-0

[Event "CRO-ch U19 Girls"]
[Site "Sveti Martin"]
[Date "2014.07.26"]
[Round "1"]
[White "Kukic, Lora"]
[Black "Vujnovic, Patricija"]
[Result "1/2-1/2"]
[WhiteElo "1851"]
[BlackElo "2053"]
[PlyCount "41"]
[EventDate "2014.07.26"]
[EventType "tourn"]
[EventRounds "5"]
[EventCountry "CRO"]
[SourceTitle "EXT 2016"]
[Source "ChessBase"]
[SourceDate "2015.10.08"]
[SourceVersion "1"]
[SourceVersionDate "2015.10.08"]
[SourceQuality "1"]

1. d4 d5 2. c4 c6 3. Nc3 Nf6 4. cxd5 cxd5 5. Nf3 Nc6 6. Bf4 Bf5 7. e3 e6 8. Bd3 Bxd3 9. Qxd3 Bd6 10. Bxd6 Qxd6 11. 0-0 0-0 12. a3 Rfc8 13. Rac1 h6 14. Rc2 a6 15. h3 Rc7 16. Rfc1 Rac8 17. Ne2 Ne7 18. Rxc7 Rxc7 19. Rxc7 Qxc7 20. Qc3 Qxc3 21. Nxc3 1/2-1/2

[Event "Rijeka Liburnija op"]
[Site "Rijeka"]
[Date "2014.01.21"]
[Round "6"]
[White "Klasan, Elvis"]
[Black "Kukic, Lora"]
[Result "1/2-1/2"]
[WhiteElo "1980"]
[BlackElo "1883"]
[PlyCount "36"]
[EventDate "2014.01.17"]
[EventType "swiss"]
[EventRounds "9"]
[EventCountry "CRO"]
[SourceTitle "CBM 158 Extra"]
[Source "ChessBase"]
[SourceDate "2014.02.28"]
[SourceVersion "1"]
[SourceVersionDate "2014.02.28"]
[SourceQuality "1"]

1. e4 c5 2. Nc3 d6 3. Bb5+ Bd7 4. Bxd7+ Qxd7 5. Nge2 Nc6 6. 0-0 g6 7. d3 Bg7 8. Nd5 e6 9. Ne3 Nge7 10. c3 d5 11. exd5 exd5 12. Nc2 0-0 13. d4 c4 14. Bf4 b5 15. Qd2 Rfe8 16. a3 a5 17. h3 Nf5 18. Rfe1 Re4 1/2-1/2